MARC보기
LDR00000cam c2200205 c 4500
001000000113416
00520250826165810
007ta
008050620s2005 r 000 kor
020 ▼a 8971992026 ▼g 03820
040 ▼a 248032 ▼c 248032 ▼d 248032
0491 ▼l GM00020683 ▼l GM00026031 ▼c 2 ▼l GM00034528 ▼f 弘山 ▼c 3
056 ▼a 152 ▼2 4
090 ▼a 152 ▼b 신64ㄱ
1001 ▼a 신영복
24520 ▼a 강의 : ▼b 나의 동양고전 독법 / ▼d 신영복 저.
260 ▼a 서울 : ▼b 돌베개, ▼c 2005.
300 ▼a 515p ; ▼c 23cm.
653 ▼a 강의 ▼a 나 ▼a 동양고전 ▼a 독법 ▼a 중국고전
9500 ▼b ₩18000
990 ▼b 관리자2